| 000 | 01072nam a2200325Ia 4500 | ||
|---|---|---|---|
| 001 | dia_1428 | ||
| 003 | CHAP | ||
| 005 | 20250617185108.0 | ||
| 008 | 220117s1971 xx 000 0 und d | ||
| 010 | _a171969 | ||
| 020 | _a84-200-0297-6 | ||
| 040 | _cCHAP | ||
| 082 | _a614.31 H37 1971 | ||
| 100 |
_aHart, F. Leslie _952924 |
||
| 245 |
_aAnálisis moderno de los alimentos / _c F. Leslie Hart y Harry Johnstone Fisher ; traducción Justino Burgos González |
||
| 260 |
_aEspaña : _b Acribia, _c1971 |
||
| 300 | _ax, 619 p. | ||
| 500 | _aTítulo original: Modern Food Analysis | ||
| 503 | _aI. 145623 (ej. 1) \ I. 188993 (ej. 2) | ||
| 504 | _aIncluye bibliografía | ||
| 590 | _aTX541 H37 1971 | ||
| 650 |
_aAlimentos _xAnálisis _94164 |
||
| 650 |
_aCiencia y tecnología de los alimentos _9150740 |
||
| 700 |
_aBurgos González, Justino _9147760 |
||
| 700 |
_aJohnstone Fisher, Harry, coaut. _9150741 |
||
| 901 | _a614.31 H37 1971 | ||
| 902 | _aM | ||
| 905 | _a5232271971 sp aimn8222223322spa16 | ||
| 942 |
_cLIBRO _2ddc |
||
| 999 |
_c171969 _d171969 |
||